Vplyv spoločného trhu EÚ na konkurenčnú pozíciu podnikov (analýza skúseností podnikov so sídlom v EÚ)

Guardado en:
Detalles Bibliográficos
Autor principal: Lesáková, Dagmar, 1949-
Formato: Capítulo de libro
Lenguaje:eslovaco
Etiquetas: Agregar Etiqueta
Sin Etiquetas, Sea el primero en etiquetar este registro!

MARC

LEADER 00000nla a2200000 4500
001 0184862
005 20240502083436.2
041 0 |a slo 
044 |a CZ 
245 1 0 |a Vplyv spoločného trhu EÚ na konkurenčnú pozíciu podnikov (analýza skúseností podnikov so sídlom v EÚ)  |c Dagmar Lesáková 
100 1 |a Lesáková, Dagmar, 1949-